000 00654cam a2200217 a 4500
001 000018043
005 20200929165330.0
008 710920s1971 onca 000 p eng d
020 _a0771014090
035 _a(DLC) 77028384
040 _aDO-SdBNP
_bspa
_cDLC
_dDLC
_dBNPHU
082 _a811.54
_bB619r
100 1 _aBirney, Earle,
_d1904-1995.
_939123
245 1 0 _aRag & bone shop /
_cEarle Birney.
260 _aToronto :
_bMcClelland and Stewart,
_c1971.
300 _a[64] p. :
_bil. ;
_c21 cm.
650 4 _aPoesía canadiense
_914165
650 4 _aLiteratura canadiense
_ySIGLO XX
_97991
910 _aCatalogación por copia / LC
049 _aBNGR
999 _c17565
_d17565